[Event "World ol U16 06th"]
[Site "Singapore"]
[Date "2007.08.11"]
[Round "9"]
[White "Tanaka, Christian T"]
[Black "Song, Angela"]
[Result "1-0"]
[WhiteElo "2114"]
[BlackElo "2015"]
[PlyCount "73"]
[EventDate "2007.08.05"]
[EventType "team-swiss"]
[EventRounds "10"]
[EventCountry "SIN"]
[SourceTitle "EXT 2008"]
[Source "ChessBase"]
[SourceDate "2007.11.25"]
[SourceVersion "1"]
[SourceVersionDate "2007.11.25"]
[SourceQuality "1"]

1. d4 Nf6 2. c4 g6 3. Nc3 d5 4. cxd5 Nxd5 5. e4 Nxc3 6. bxc3 Bg7 7. Bc4 c5 8. Ne2 0-0 9. 0-0 Nc6 10. Be3 Bd7 11. Rb1 a6 12. Qd2 Qc7 13. Rfc1 Rfd8 14. h3 Rac8 15. f4 b5 16. Bd3 cxd4 17. cxd4 Qa5 18. d5 Qxd2 19. Bxd2 Nd4 20. Be3 Nxe2+ 21. Bxe2 e5 22. Kf2 f5 23. fxe5 Bxe5 24. Bf3 Rxc1 25. Rxc1 Rc8 26. Rxc8+ Bxc8 27. Bc5 Kf7 28. Ke3 Ke8 29. Bd4 Bxd4+ 30. Kxd4 fxe4 31. Bxe4 Kd7 32. Kc5 Bb7 33. Bf3 g5 34. Kb6 Bc8 35. Bg4+ Kd8 36. Bxc8 Kxc8 37. Kxa6 1-0

[Event "World ol U16 06th"]
[Site "Singapore"]
[Date "2007.08.10"]
[Round "8"]
[White "Rajapaksha, RMCM"]
[Black "Song, Angela"]
[Result "0-1"]
[WhiteElo "2148"]
[BlackElo "2015"]
[PlyCount "94"]
[EventDate "2007.08.05"]
[EventType "team-swiss"]
[EventRounds "10"]
[EventCountry "SIN"]
[SourceTitle "EXT 2008"]
[Source "ChessBase"]
[SourceDate "2007.11.25"]
[SourceVersion "1"]
[SourceVersionDate "2007.11.25"]
[SourceQuality "1"]

1. c4 Nf6 2. Nc3 d5 3. cxd5 Nxd5 4. d4 g6 5. e4 Nxc3 6. bxc3 Bg7 7. Be3 c5 8. Rc1 Qa5 9. Qd2 cxd4 10. cxd4 Qxd2+ 11. Kxd2 0-0 12. f4 Rd8 13. Ke1 f5 14. Bc4+ Kf8 15. e5 Nc6 16. Nf3 Na5 17. Bb5 a6 18. Be2 Be6 19. Ng5 Bg8 20. Rc2 h6 21. Nf3 Rac8 22. Rxc8 Rxc8 23. Bd2 Nc4 24. Bb4 a5 25. Bc5 b6 26. Bxc4 Bxc4 27. Ba3 Bxa2 28. Kd2 Kf7 29. Ra1 Bc4 30. Rc1 e6 31. Ke3 Bf8 32. Bxf8 Kxf8 33. Nd2 b5 34. Nxc4 Rxc4 35. Rd1 Rc3+ 36. Ke2 Rc2+ 37. Kf3 b4 38. Ra1 Rc3+ 39. Ke2 Ra3 40. Rc1 b3 41. Rc8+ Ke7 42. Rb8 a4 43. Kd3 Ra2 44. Kc4 b2 45. Kc5 a3 46. Kc6 b1Q 47. Rxb1 Rc2+ 0-1

[Event "Singapore Masters 3rd"]
[Site "Singapore"]
[Date "2006.12.30"]
[Round "9"]
[White "Song, Angela"]
[Black "Gong, Qianyun"]
[Result "0-1"]
[WhiteElo "2032"]
[BlackElo "2278"]
[PlyCount "66"]
[EventDate "2006.12.26"]
[EventType "swiss"]
[EventRounds "9"]
[EventCountry "SIN"]
[SourceTitle "CBM 116 Extra"]
[Source "ChessBase"]
[SourceDate "2007.03.07"]
[SourceVersion "1"]
[SourceVersionDate "2007.03.07"]
[SourceQuality "1"]

1. e4 e6 2. d4 d5 3. Nc3 Bb4 4. e5 c5 5. a3 Bxc3+ 6. bxc3 Ne7 7. Qg4 Qc7 8. Qxg7 Rg8 9. Qxh7 cxd4 10. Ne2 Nbc6 11. f4 Bd7 12. Qd3 dxc3 13. Qxc3 Nf5 14. h3 0-0-0 15. g4 d4 16. Qd3 Nh4 17. Bd2 Na5 18. 0-0-0 Nc4 19. Be1 Ne3 20. Bxh4 Bb5 21. Bxd8 Rxd8 22. Qb3 Bc4 23. Qb2 Nxd1 24. Kxd1 Qc6 25. Rh2 d3 26. Nd4 Qe4 27. cxd3 Rxd4 28. Rd2 Qxf4 29. Bg2 Ba6 30. Qc3+ Kd8 31. Qc5 Bxd3 32. Qc3 Qe3 33. Kc1 Qe1+ 0-1

[Event "Singapore Masters 3rd"]
[Site "Singapore"]
[Date "2006.12.26"]
[Round "1"]
[White "Song, Angela"]
[Black "Bachtiar, Ahmad Ina"]
[Result "0-1"]
[WhiteElo "2032"]
[BlackElo "2244"]
[PlyCount "72"]
[EventDate "2006.12.26"]
[EventType "swiss"]
[EventRounds "9"]
[EventCountry "SIN"]
[SourceTitle "CBM 116 Extra"]
[Source "ChessBase"]
[SourceDate "2007.03.07"]
[SourceVersion "1"]
[SourceVersionDate "2007.03.07"]
[SourceQuality "1"]

1. e4 e6 2. d4 d5 3. Nd2 c5 4. Ngf3 cxd4 5. exd5 Qxd5 6. Bc4 Qc5 7. 0-0 Nf6 8. Qe2 Nc6 9. Nb3 Qb6 10. Rd1 Bc5 11. a4 a5 12. Bb5 0-0 13. Qc4 Be7 14. Nfxd4 Nxd4 15. Nxd4 e5 16. Nf3 Bc5 17. Nxe5 Bxf2+ 18. Kh1 Bf5 19. Qe2 Ne4 20. g4 Bd4 21. Rf1 Bg6 22. Nd7 Qd6 23. Be3 Rfe8 24. Rad1 Ng5 25. Rxd4 Qxd4 26. Bxd4 Rxe2 27. Bxe2 Be4+ 28. Bf3 Bxf3+ 29. Rxf3 Nxf3 30. Bc3 Re8 31. Kg2 Ne1+ 32. Kf2 Nxc2 33. Bxa5 Re4 34. h3 Rxa4 35. Bc3 b5 36. Nb6 Re4 0-1

[Event "Doeberl Cup 44th"]
[Site "Canberra"]
[Date "2006.04.17"]
[Round "7"]
[White "Song, Angela"]
[Black "Wallis, Christopher"]
[Result "0-1"]
[WhiteElo "1973"]
[BlackElo "2077"]
[PlyCount "52"]
[EventDate "2006.04.14"]
[EventType "swiss"]
[EventRounds "7"]
[EventCountry "AUS"]
[SourceTitle "CBM 111 Extra"]
[Source "ChessBase"]
[SourceDate "2006.05.09"]
[SourceVersion "1"]
[SourceVersionDate "2006.05.09"]
[SourceQuality "1"]

1. e4 e6 2. d4 d5 3. Nc3 Nf6 4. e5 Nfd7 5. f4 c5 6. Nf3 Nc6 7. Be3 cxd4 8. Nxd4 Bc5 9. Qd2 0-0 10. Be2 Nxd4 11. Bxd4 a6 12. Bf3 b5 13. 0-0 Qc7 14. Ne2 a5 15. a4 b4 16. c4 bxc3 17. Qxc3 Ba6 18. Rfc1 Rfc8 19. Bxc5 Nxc5 20. b4 axb4 21. Qxb4 Rab8 22. Qd4 Bc4 23. Rxc4 dxc4 24. Qxc4 Qa5 25. Nd4 Rb4 26. Qc3 Rb1+ 0-1

[Event "Doeberl Cup 44th"]
[Site "Canberra"]
[Date "2006.04.16"]
[Round "6"]
[White "Lewski, Toby"]
[Black "Song, Angela"]
[Result "0-1"]
[WhiteElo "1613"]
[BlackElo "1973"]
[PlyCount "118"]
[EventDate "2006.04.14"]
[EventType "swiss"]
[EventRounds "7"]
[EventCountry "AUS"]
[SourceTitle "CBM 111 Extra"]
[Source "ChessBase"]
[SourceDate "2006.05.09"]
[SourceVersion "1"]
[SourceVersionDate "2006.05.09"]
[SourceQuality "1"]

1. d4 Nf6 2. Nf3 g6 3. c4 Bg7 4. Nc3 d5 5. Bf4 0-0 6. e3 Bf5 7. Qb3 Bc8 8. cxd5 Nh5 9. Be5 Bxe5 10. dxe5 Nd7 11. Rd1 Nb6 12. h3 Ng7 13. a4 e6 14. dxe6 Bxe6 15. Qb4 Qc8 16. Ne4 Ne8 17. Nf6+ Nxf6 18. exf6 Nd7 19. Qf4 Qd8 20. Ne5 Kh8 21. Rxd7 Bxd7 22. Qh6 Qxf6 23. Nxd7 Qd6 24. Nxf8 Rxf8 25. Be2 Qb4+ 26. Kf1 Rd8 27. f3 Qxb2 28. Kf2 Kg8 29. Re1 Qb4 30. Qf4 Qxf4 31. exf4 Rd4 32. Ra1 Rxf4 33. Ke3 Rb4 34. a5 Kf8 35. a6 Ke7 36. Bd3 b5 37. Rb1 Rxb1 38. Bxb1 Kd6 39. h4 h6 40. g4 g5 41. hxg5 hxg5 42. f4 gxf4+ 43. Kxf4 c5 44. g5 c4 45. Ke4 Kc5 46. Ke5 b4 47. Kf6 b3 48. Kxf7 c3 49. g6 c2 50. Bxc2 bxc2 51. g7 c1Q 52. g8Q Qc4+ 53. Kf8 Qxg8+ 54. Kxg8 Kb6 55. Kf7 Kxa6 56. Ke6 Kb5 57. Kd5 a5 58. Kd4 Kb4 59. Kd3 Kb3 0-1

[Event "AUS-ch U18"]
[Site "Brisbane"]
[Date "2006.01.07"]
[Round "10"]
[White "Song, Angela"]
[Black "Ikeda, Junta"]
[Result "1-0"]
[WhiteElo "1889"]
[BlackElo "1999"]
[PlyCount "105"]
[EventDate "2005.12.28"]
[EventType "swiss"]
[EventRounds "11"]
[EventCountry "AUS"]
[SourceTitle "CBM 110 Extra"]
[Source "ChessBase"]
[SourceDate "2006.03.10"]
[SourceVersion "2"]
[SourceVersionDate "2006.03.10"]
[SourceQuality "1"]

1. e4 c5 2. Nf3 e6 3. c4 Nc6 4. Nc3 a6 5. Be2 d6 6. d4 cxd4 7. Nxd4 Nf6 8. 0-0 Qc7 9. Be3 h5 10. h3 Bd7 11. a3 g5 12. Bxg5 Be7 13. b4 Rg8 14. Nf3 Ne5 15. Nxe5 dxe5 16. Bxf6 Bxf6 17. Bxh5 Rg7 18. Qf3 Ke7 19. Rfd1 Rag8 20. Bg4 Bg5 21. Qd3 Ke8 22. b5 Be7 23. a4 Rg5 24. a5 R8g7 25. Na4 f5 26. Bf3 Bc5 27. h4 Rg4 28. Bxg4 fxg4 29. b6 Qc6 30. Nxc5 Qxc5 31. Qd6 Qxd6 32. Rxd6 Ke7 33. Rad1 Ba4 34. R1d2 Kf6 35. Rd8 Bc6 36. Re2 Ke7 37. Red2 Kf6 38. Rc8 Bxe4 39. Rc7 Rg8 40. Re2 Bf3 41. Re3 Bc6 42. Rxc6 bxc6 43. Rd3 e4 44. Rd6 Ke5 45. Rxc6 Rd8 46. b7 Rb8 47. Rb6 Kd4 48. h5 e3 49. fxe3+ Kxe3 50. c5 g3 51. Rxe6+ Kf4 52. c6 Rd8 53. Re1 1-0

[Event "Sydney Masters U18"]
[Site "Sydney"]
[Date "2005.07.04"]
[Round "1"]
[White "Song, Angela"]
[Black "Huang, Justin"]
[Result "1/2-1/2"]
[WhiteElo "1889"]
[BlackElo "2010"]
[PlyCount "133"]
[EventDate "2005.07.04"]
[EventType "tourn"]
[EventRounds "9"]
[EventCountry "AUS"]
[SourceTitle "EXT 2010"]
[Source "ChessBase"]
[SourceDate "2010.11.25"]
[SourceVersion "1"]
[SourceVersionDate "2010.11.25"]
[SourceQuality "1"]

1. e4 c6 2. d4 d5 3. Nc3 dxe4 4. Nxe4 Bf5 5. Ng3 Bg6 6. h4 h6 7. Nf3 Nd7 8. h5 Bh7 9. Bd3 Bxd3 10. Qxd3 Ngf6 11. Bf4 e6 12. 0-0-0 Be7 13. Ne4 Nxe4 14. Qxe4 Nf6 15. Qe2 0-0 16. g4 Nd5 17. Bd2 Qc7 18. Ne5 Rac8 19. f4 c5 20. dxc5 Bxc5 21. Qe4 Be3 22. Bxe3 Nxe3 23. Rd2 Nc4 24. Rd7 Qc5 25. Nxc4 Qxc4 26. Qxc4 Rxc4 27. Rf1 Rfc8 28. c3 R8c7 29. Rxc7 Rxc7 30. Kd2 Rd7+ 31. Ke3 Kf8 32. f5 Ke7 33. fxe6 Kxe6 34. Rf4 g6 35. hxg6 fxg6 36. a4 h5 37. gxh5 gxh5 38. Rh4 Rh7 39. Kf4 Kf6 40. b4 Kg6 41. Kg3 Kg5 42. Rd4 Rg7 43. c4 Kf5+ 44. Kf3 b6 45. c5 bxc5 46. bxc5 Ke5 47. Rh4 Rh7 48. Rc4 Kd5 49. Rc1 Kc6 50. Kg3 h4+ 51. Kh3 Rh5 52. Rb1 Rxc5 53. Kxh4 Rc4+ 54. Kg3 Rxa4 55. Kf2 Re4 56. Re1 Rc4 57. Ke2 Kb5 58. Kd2 a5 59. Rc1 Rh4 60. Kc2 a4 61. Kb2 Kb4 62. Rc8 Rh2+ 63. Rc2 Rh3 64. Rc8 Rh2+ 65. Rc2 a3+ 66. Kb1 Rh1+ 67. Ka2 1/2-1/2

[Event "Wch U12 Girls"]
[Site "Heraklion"]
[Date "2004.11.13"]
[Round "11"]
[White "Repina, Varvara"]
[Black "Song, Angela"]
[Result "1-0"]
[WhiteElo "2064"]
[BlackElo "1838"]
[PlyCount "71"]
[EventDate "2004.11.04"]
[EventType "swiss"]
[EventRounds "11"]
[EventCountry "GRE"]
[SourceTitle "EXT 2005"]
[Source "ChessBase"]
[SourceDate "2004.11.15"]
[SourceVersion "1"]
[SourceVersionDate "2004.11.15"]
[SourceQuality "1"]

1. e4 d5 2. exd5 Qxd5 3. Nf3 Nf6 4. d4 Bf5 5. Be2 e6 6. 0-0 Be7 7. c4 Qd8 8. Nc3 0-0 9. Qb3 Qc8 10. Be3 h6 11. Rfd1 Nbd7 12. Rac1 Nb6 13. Ne5 Nbd7 14. Bf3 c6 15. Nxd7 Nxd7 16. d5 exd5 17. cxd5 Ne5 18. Be2 Rd8 19. Bd4 Ng6 20. Bc4 Rf8 21. Re1 Bd7 22. Ne4 c5 23. d6 Bg5 24. Nxg5 hxg5 25. Be3 g4 26. Bd5 Bc6 27. Rxc5 Ne5 28. Bxc6 Nxc6 29. Qc4 Qd7 30. Rd1 Rfe8 31. b4 a6 32. Rg5 Ne5 33. Qd5 Nc6 34. Bd4 Nxd4 35. Qxd4 Rad8 36. Qxg7# 1-0

[Event "Wch U12 Girls"]
[Site "Heraklion"]
[Date "2004.11.11"]
[Round "9"]
[White "Bulmaga, Irina"]
[Black "Song, Angela"]
[Result "1-0"]
[WhiteElo "2028"]
[BlackElo "1838"]
[PlyCount "93"]
[EventDate "2004.11.04"]
[EventType "swiss"]
[EventRounds "11"]
[EventCountry "GRE"]
[SourceTitle "EXT 2005"]
[Source "ChessBase"]
[SourceDate "2004.11.15"]
[SourceVersion "1"]
[SourceVersionDate "2004.11.15"]
[SourceQuality "1"]

1. e4 d5 2. exd5 Qxd5 3. Nc3 Qa5 4. g3 Nf6 5. Bg2 c6 6. Nge2 Bf5 7. b4 Qc7 8. d3 e6 9. Rb1 Nbd7 10. a4 Be7 11. 0-0 0-0 12. b5 Nd5 13. Re1 N7f6 14. Nxd5 cxd5 15. Nd4 Bg6 16. Bf4 Qd7 17. Be5 Rac8 18. Bh3 Rfe8 19. Qd2 Bd6 20. Bxd6 Qxd6 21. a5 Qc5 22. Qb4 h6 23. f4 Bh7 24. Qxc5 Rxc5 25. Ra1 g5 26. a6 Re7 27. f5 g4 28. Bg2 Rcc7 29. axb7 Rxb7 30. fxe6 fxe6 31. Rxe6 Rxe6 32. Nxe6 Rxb5 33. Rxa7 Rb6 34. Nd4 Rd6 35. Rc7 Bg6 36. Rc6 Rxc6 37. Nxc6 Kg7 38. Kf2 Be8 39. Ne7 Bf7 40. Ke3 Kf8 41. Nf5 h5 42. Kd4 Ke8 43. Ne3 Ke7 44. Bxd5 Bg6 45. Ke5 Ne8 46. d4 Nc7 47. c4 1-0

[Event "Doeberl Cup 42nd"]
[Site "Canberra"]
[Date "2004.04.11"]
[Round "6"]
[White "Nguyen, Giang"]
[Black "Song, Angela"]
[Result "1/2-1/2"]
[WhiteElo "2121"]
[BlackElo "1806"]
[PlyCount "34"]
[EventDate "2004.04.09"]
[EventType "swiss"]
[EventRounds "7"]
[EventCountry "AUS"]
[SourceTitle "EXT 2005"]
[Source "ChessBase"]
[SourceDate "2004.11.15"]
[SourceVersion "1"]
[SourceVersionDate "2004.11.15"]
[SourceQuality "1"]

1. e4 d5 2. exd5 Qxd5 3. Nc3 Qa5 4. Bc4 Nf6 5. d4 Bf5 6. Nge2 e6 7. 0-0 Nbd7 8. Ng3 Bg6 9. f4 c6 10. f5 exf5 11. Qe2+ Be7 12. Re1 0-0-0 13. Bf4 Rhe8 14. Qd2 Bb4 15. a3 Bxc3 16. bxc3 Ne4 17. Nxe4 fxe4 1/2-1/2

[Event "AUS-ch op U12"]
[Site "Perth "]
[Date "2004.01.25"]
[Round "11"]
[White "Song, Angela"]
[Black "Wu, Edwin"]
[Result "1-0"]
[WhiteElo "1521"]
[BlackElo "1277"]
[PlyCount "98"]
[EventDate "2004.01.14"]
[EventType "swiss"]
[EventRounds "11"]
[EventCountry "AUS"]
[SourceTitle "EXT 2006"]
[Source "ChessBase"]
[SourceDate "2005.11.24"]
[SourceVersion "1"]
[SourceVersionDate "2005.11.24"]
[SourceQuality "1"]

1. e4 c5 2. Nf3 d6 3. d4 cxd4 4. Nxd4 Nf6 5. Nc3 g6 6. Be3 Bg7 7. f3 Nc6 8. Bc4 Bd7 9. Qd2 0-0 10. 0-0-0 Rc8 11. Bb3 Ne5 12. Kb1 a6 13. g4 Qa5 14. Nd5 Qd8 15. Nxf6+ Bxf6 16. Bh6 Bg7 17. Bxg7 Kxg7 18. h3 Nc4 19. Qe2 b5 20. Bxc4 bxc4 21. e5 dxe5 22. Qxe5+ Kg8 23. Rhg1 Re8 24. h4 f6 25. Qe4 Qa5 26. Ne2 Qb5 27. Qe3 Rb8 28. Qc3 e5 29. Ng3 Bc6 30. h5 Kg7 31. Rgf1 Rb6 32. hxg6 hxg6 33. Ka1 Reb8 34. b3 cxb3 35. cxb3 Qb4 36. Qxb4 Rxb4 37. Ne2 a5 38. Rd6 Bb5 39. Re1 e4 40. Ng1 exf3 41. Nxf3 Rxg4 42. Re7+ Kf8 43. Ree6 Rf4 44. Rxf6+ Rxf6 45. Rxf6+ Kg7 46. Rd6 a4 47. Kb2 axb3 48. axb3 Ba4 49. Rd3 Rb4 1-0

[Event "AUS-ch op U12"]
[Site "Perth "]
[Date "2004.01.17"]
[Round "5"]
[White "Chow, Justin"]
[Black "Song, Angela"]
[Result "0-1"]
[WhiteElo "1016"]
[BlackElo "1521"]
[PlyCount "84"]
[EventDate "2004.01.14"]
[EventType "swiss"]
[EventRounds "11"]
[EventCountry "AUS"]
[SourceTitle "EXT 2006"]
[Source "ChessBase"]
[SourceDate "2005.11.24"]
[SourceVersion "1"]
[SourceVersionDate "2005.11.24"]
[SourceQuality "1"]

1. Nf3 Nf6 2. g3 g6 3. Bg2 Bg7 4. 0-0 0-0 5. d3 d5 6. Nbd2 Nc6 7. e4 e5 8. Re1 Re8 9. exd5 Nxd5 10. Nc4 Bf5 11. Bg5 Qd7 12. Rb1 h6 13. Bd2 a5 14. a3 Nb6 15. Nxb6 cxb6 16. Be3 b5 17. Qd2 Kh7 18. h4 Qc7 19. h5 Rad8 20. Qc1 Ne7 21. Kh2 Rc8 22. Re2 Red8 23. Qh1 Bg4 24. Kg1 Bxh5 25. Qh3 f5 26. Kf1 Ng8 27. Kg1 Nf6 28. Rbe1 e4 29. dxe4 fxe4 30. Nd4 Bxe2 31. Rxe2 Qe5 32. Ne6 Re8 33. Nxg7 Kxg7 34. Qxh6+ Kf7 35. Bg5 Rh8 36. Bf4 Qxb2 37. Qg5 Rh3 38. Bc1 Qa1 39. Qf4 Rh5 40. Qe3 Rc3 41. Qd2 Rd5 42. Qf4 Rd1+ 0-1

[Event "AUS-ch op U12"]
[Site "Perth "]
[Date "2004.01.14"]
[Round "1"]
[White "McCook, Jake"]
[Black "Song, Angela"]
[Result "0-1"]
[WhiteElo "250"]
[BlackElo "1521"]
[PlyCount "64"]
[EventDate "2004.01.14"]
[EventType "swiss"]
[EventRounds "11"]
[EventCountry "AUS"]
[SourceTitle "EXT 2006"]
[Source "ChessBase"]
[SourceDate "2005.11.24"]
[SourceVersion "1"]
[SourceVersionDate "2005.11.24"]
[SourceQuality "1"]

1. e4 e6 2. d4 d5 3. exd5 exd5 4. Bd3 Bd6 5. Nf3 Ne7 6. c3 Bf5 7. Be3 Bxd3 8. Qxd3 Nbc6 9. Nbd2 a5 10. 0-0 Qd7 11. Nb3 h6 12. Nc5 Bxc5 13. dxc5 0-0 14. Qd4 Nxd4 15. Ne5 Ne2+ 16. Kh1 Qf5 17. f4 Nc6 18. Nxc6 bxc6 19. Rae1 Qh5 20. Rf3 Nxc3 21. bxc3 Qf5 22. Ref1 Rab8 23. Bd4 Rb1 24. Rxb1 Qxb1+ 25. Bg1 Re8 26. h3 Re1 27. Kh2 Rxg1 28. Kg3 Qe1+ 29. Rf2 Rf1 30. Kh2 Qxf2 31. f5 Rg1 32. h4 Qxg2# 0-1

[Event "New South Wales-ch U2000"]
[Site "West Ryde"]
[Date "2004.??.??"]
[Round "5"]
[White "Mendes da Costa, Alex"]
[Black "Song, Angela"]
[Result "1-0"]
[WhiteElo "1782"]
[BlackElo "1838"]
[PlyCount "59"]
[EventDate "2004.10.??"]
[EventType "swiss"]
[EventRounds "9"]
[EventCountry "AUS"]
[SourceTitle "EXT 2006"]
[Source "ChessBase"]
[SourceDate "2005.11.24"]
[SourceVersion "1"]
[SourceVersionDate "2005.11.24"]
[SourceQuality "1"]

1. e4 d5 2. exd5 Qxd5 3. d4 Bf5 4. Nf3 Nf6 5. c4 Qa5+ 6. Bd2 Qb6 7. Bc3 c6 8. Nbd2 e6 9. Be2 Nbd7 10. 0-0 c5 11. d5 exd5 12. cxd5 Nxd5 13. Nc4 Qc6 14. Nce5 Nxc3 15. bxc3 Nxe5 16. Nxe5 Qc7 17. Bb5+ Ke7 18. Re1 Be6 19. Qe2 g6 20. Nxf7 Kxf7 21. Qxe6+ Kg7 22. Rad1 Rd8 23. Rxd8 Qxd8 24. Bc4 Qf6 25. Qd7+ Kh6 26. Re3 Bd6 27. Be2 Qf4 28. Rh3+ Kg5 29. Qg7 Be5 30. Rh5# 1-0